000 01176nam a2200229Ia 4500
999 _c37586
_d37586
001 3557
003 GE_BSU
005 20190619211533.0
008 181216s2003||||ge |||||||||||||| ||geo||
040 _cGE_BSU
041 _ageo
080 _a502.55+574.64+594.124+639.42+591.1 დ–43
100 _aდიასამიძე, ნანული
_92639
245 _aტოქსიკანტების ზემოქმედება შავი ზღვის მიდიაზე /
_cრედ.: ნიკოლოზ მაზმანიდი
264 _aბათუმი :
_bაჭარა,
_c2003.
300 _a135 გვ. ;
_b19 სმ.
653 _aშავი ზღვის წყლის გაჭუჭყიანება ტოქსიკური ნივთიერებებით
653 _aმიდიებზე ტოქსიკურ ნივთიერებათა ზემოქმედება
653 _aწყლის ცხოველთა ფიზიოლოგია
700 _aმაზმანიდი, ნიკოლოზ
_eრედაქტორი
_92640
942 _cBK
_2udc